| 000 | 00594nam a2200229Ia 4500 | ||
|---|---|---|---|
| 003 | OSt | ||
| 005 | 20230411161515.0 | ||
| 008 | 210423s2009 xx 000 0 und d | ||
| 020 | _a9788174467058 | ||
| 040 | _cAL | ||
| 041 | _aeng | ||
| 082 |
_a332 _223 _bSOMV |
||
| 100 |
_aSOMANATH (V S) _986480 |
||
| 245 | _aMicrofinance: redefining the future | ||
| 260 |
_aNew Delhi _bExcel Books _c2009 |
||
| 300 |
_axv,286 _bPB |
||
| 365 |
_b525 _cINR |
||
| 650 |
_aEconomics _986481 |
||
| 650 |
_aFinancial Economics _986482 |
||
| 906 | _afuture ; Microfinance: ; redefining | ||
| 942 |
_2ddc _cBK |
||
| 999 |
_c157187 _d157187 |
||